[Event "VI Open A"]
[Site "Forni di Sopra ITA"]
[Date "2015.06.19"]
[Round "8"]
[White "Seresin, Francesco"]
[Black "Formento, Paolo"]
[WhiteElo "2102"]
[BlackElo "2269"]
[Result "1/2-1/2"]
[PlyCount "94"]
[EventDate "2015.06.13"]

1. d4 Nf6 2. Bg5 b6 3. Nd2 Bb7 4. Ngf3 e6 5. e4 h6 6. Bxf6 Qxf6 7. Bd3 Qd8 8.
Qe2 Be7 9. O-O O-O 10. c3 a5 11. e5 d5 12. exd6 cxd6 13. Ne4 Nd7 14. Nfd2 e5
15. dxe5 Nxe5 16. Rfe1 Qc7 17. Nb3 f5 18. Ned2 Qc6 19. f3 Nxd3 20. Qxd3 Ba6 21.
Qe3 Bg5 22. Qf2 Bf6 23. Nd4 Qd5 24. Nf1 Bxd4 25. Qxd4 Qxd4+ 26. cxd4 Rac8 27.
Rac1 f4 28. Nd2 Bd3 29. Ne4 Bxe4 30. fxe4 Rfe8 31. Rxc8 Rxc8 32. Re2 Rc4 33.
Rd2 Kf7 34. Kf2 Ke6 35. Kf3 g5 36. Kg4 Rc1 37. Kh5 Rh1 38. h3 f3 39. gxf3 Rxh3+
40. Kg4 Rh1 41. Rc2 b5 42. Kg3 h5 43. Rc6 Rd1 44. Rb6 b4 45. Rb5 h4+ 46. Kh3
Rh1+ 47. Kg2 Rb1 1/2-1/2

[Event "VI Open A"]
[Site "Forni di Sopra ITA"]
[Date "2015.06.19"]
[Round "8"]
[White "Sorbera, Giovanni"]
[Black "Cafaro, Luca"]
[WhiteElo "2160"]
[BlackElo "2250"]
[Result "1-0"]
[PlyCount "39"]
[EventDate "2015.06.13"]

1. c4 e5 2. Nc3 Bb4 3. e3 Bxc3 4. bxc3 Nf6 5. Ne2 b6 6. Ng3 Bb7 7. f3 O-O 8. e4
c6 9. d4 exd4 10. cxd4 d5 11. e5 Nfd7 12. cxd5 cxd5 13. Bd3 Qh4 14. f4 f6 15.
e6 Re8 16. O-O Ne5 17. dxe5 fxe5 18. Nf5 Qd8 19. Qg4 Qf6 20. fxe5 1-0

[Event "VI Open A"]
[Site "Forni di Sopra ITA"]
[Date "2015.06.19"]
[Round "8"]
[White "Stopa, Jacek"]
[Black "Machidon, Cristi"]
[WhiteElo "2540"]
[BlackElo "2211"]
[Result "1/2-1/2"]
[PlyCount "98"]
[EventDate "2015.06.13"]

1. b3 d5 2. Bb2 c5 3. e3 Nf6 4. Nf3 Nc6 5. Bb5 a6 6. Ne5 Nd7 7. O-O Ndxe5 8.
Bxc6+ bxc6 9. Bxe5 Bf5 10. d3 f6 11. Bb2 e5 12. Nd2 Be7 13. Qe2 O-O 14. e4 Bg6
15. Rfe1 Bd6 16. Rad1 a5 17. a4 Bf7 18. Nf1 Qc7 19. Ne3 Rab8 20. Qg4 Kh8 21.
Bc3 Rfd8 22. Nf5 Bf8 23. f4 exf4 24. e5 d4 25. Bxa5 Qxa5 26. e6 g6 27. exf7 Qc7
28. Nh4 Qxf7 29. Nf3 g5 30. Qe6 Qxe6 31. Rxe6 Rd6 32. Rxd6 Bxd6 33. Nd2 Kg7 34.
Nc4 Bc7 35. Re1 Kf7 36. Kf2 h5 37. h3 Ra8 38. Kf3 Rb8 39. Re2 Ra8 40. Re1 Rb8
41. a5 Ra8 42. Ra1 Ke6 43. Nb6 Bxb6 44. axb6 Rb8 45. Ra6 Rb7 46. Ke4 f5+ 47.
Kf3 Ke5 48. Ra5 g4+ 49. Kf2 Kd6 1/2-1/2

[Event "VI Open A"]
[Site "Forni di Sopra ITA"]
[Date "2015.06.19"]
[Round "8"]
[White "Vezzosi, Paolo"]
[Black "Mencinger, Vojko"]
[WhiteElo "2350"]
[BlackElo "2372"]
[Result "0-1"]
[PlyCount "66"]
[EventDate "2015.06.13"]

1. d4 Nf6 2. c4 e6 3. Nf3 b6 4. a3 Bb7 5. Nc3 d5 6. Bg5 Be7 7. e3 O-O 8. Rc1
Nbd7 9. Bd3 h6 10. Bh4 dxc4 11. Bxc4 c5 12. O-O Rc8 13. Ba2 a6 14. Qe2 b5 15.
Rfd1 b4 16. axb4 cxb4 17. Nb1 Qa5 18. Bb3 Qh5 19. Nbd2 e5 20. dxe5 Nxe5 21. Bg3
Nxf3+ 22. Nxf3 Ne4 23. Bc4 Nc5 24. b3 a5 25. Ra1 Ra8 26. h3 Bf6 27. Rac1 a4 28.
Bd6 Rfc8 29. Bxc5 Rxc5 30. bxa4 Bxf3 31. gxf3 Rac8 32. Qa2 R8c7 33. Kf1 Qxf3
0-1

[Event "VI Open A"]
[Site "Forni di Sopra ITA"]
[Date "2015.06.19"]
[Round "8"]
[White "Zamengo, Fulvio"]
[Black "Boraso, Alessio"]
[WhiteElo "2271"]
[BlackElo "2233"]
[Result "1/2-1/2"]
[PlyCount "95"]
[EventDate "2015.06.13"]

1. e4 c5 2. Nf3 Nc6 3. d4 cxd4 4. Nxd4 e5 5. Nb5 d6 6. N1c3 a6 7. Na3 Be7 8.
Nc4 b5 9. Ne3 Nf6 10. Bd3 O-O 11. O-O Rb8 12. Ncd5 Nxd5 13. exd5 Na5 14. a4 b4
15. Qe2 Qb6 16. Nf5 Bxf5 17. Bxf5 Nb7 18. Be3 Nc5 19. a5 Qb5 20. Bg4 Qxe2 21.
Bxe2 Rfc8 22. c3 f5 23. Bxc5 Rxc5 24. cxb4 Rxb4 25. Bxa6 Bd8 26. Bd3 Bxa5 27.
Bxf5 Rxb2 28. f4 exf4 29. Be6+ Kh8 30. Rxf4 Rb8 31. Raf1 g6 32. Rf8+ Rxf8 33.
Rxf8+ Kg7 34. Rf7+ Kh8 35. Rd7 Bb4 36. Kf2 Rc3 37. g4 Bc5+ 38. Kg2 Rc2+ 39. Kg3
h6 40. h4 Rc3+ 41. Kf4 Rc4+ 42. Kf3 Rc3+ 43. Ke4 Rc4+ 44. Kd3 Rd4+ 45. Ke2 Ra4
46. Kf3 Ra3+ 47. Kf4 Ra4+ 48. Kf3 1/2-1/2

[Event "VI Open A"]
[Site "Forni di Sopra ITA"]
[Date "2015.06.20"]
[Round "9"]
[White "Antal, Gergely"]
[Black "Stopa, Jacek"]
[WhiteElo "2505"]
[BlackElo "2540"]
[Result "1/2-1/2"]
[PlyCount "91"]
[EventDate "2015.06.13"]

1. e4 e5 2. Nf3 Nc6 3. d4 exd4 4. Nxd4 Nf6 5. Nc3 Bb4 6. Nxc6 bxc6 7. Bd3 d5 8.
exd5 cxd5 9. O-O O-O 10. Qf3 c6 11. h3 Rb8 12. Bg5 Bd6 13. b3 Be5 14. Bf4 Bxc3
15. Bxb8 Bxa1 16. Rxa1 Bg4 17. hxg4 Qxb8 18. Re1 Re8 19. Rxe8+ Qxe8 20. Qf4 h6
21. Kf1 Qc8 22. f3 Qd8 23. Qe5 Kf8 24. a4 Ne8 25. Qd4 Qe7 26. b4 Nf6 27. Qf4
Qd8 28. Qe5 Ne8 29. Qd4 Qe7 30. Ba6 Nf6 31. Qf4 g5 32. Qd4 Kg8 33. Bd3 h5 34.
gxh5 Nxh5 35. Kf2 Nf4 36. Bf1 Ne6 37. Qd2 Qf6 38. c4 dxc4 39. Bxc4 Nf4 40. g3
Ng6 41. Kg2 Kg7 42. Be2 Qe5 43. Kf2 Ne7 44. Qe3 Qxe3+ 45. Kxe3 Nf5+ 46. Ke4
1/2-1/2

[Event "VI Open A"]
[Site "Forni di Sopra ITA"]
[Date "2015.06.20"]
[Round "9"]
[White "Boraso, Alessio"]
[Black "Mileto, Gabriele"]
[WhiteElo "2233"]
[BlackElo "2150"]
[Result "1/2-1/2"]
[PlyCount "96"]
[EventDate "2015.06.13"]

1. e4 c5 2. c3 e6 3. Nf3 d5 4. exd5 exd5 5. d4 Nc6 6. Bb5 Bd6 7. dxc5 Bxc5 8.
O-O Nge7 9. Nbd2 O-O 10. Nb3 Bd6 11. Bg5 Bg4 12. Bh4 Qc7 13. Bg3 Bxg3 14. hxg3
Rad8 15. Rc1 Qb6 16. Bxc6 bxc6 17. Qd4 Bxf3 18. gxf3 Nf5 19. Qxb6 axb6 20. Nd4
Ne7 21. Rfe1 Rd7 22. f4 g6 23. Re2 c5 24. Nf3 Nc6 25. Rd1 Rfd8 26. Red2 h5 27.
a3 b5 28. b4 c4 29. a4 bxa4 30. b5 Na7 31. Nd4 Rb7 32. Nc6 Ra8 33. Nxa7 Raxa7
34. Rxd5 a3 35. Ra1 a2 36. Rd2 Ra3 37. Rc2 Rxb5 38. Raxa2 Rxa2 39. Rxa2 Rb1+
40. Kg2 Rc1 41. Ra3 Kg7 42. Kf3 Rc2 43. Ke3 Kf6 44. Ra4 Rxc3+ 45. Kd2 Rd3+ 46.
Ke2 Rc3 47. Kd2 Rf3 48. Ke2 Rc3 1/2-1/2

[Event "VI Open A"]
[Site "Forni di Sopra ITA"]
[Date "2015.06.20"]
[Round "9"]
[White "Cocchi, Andrea"]
[Black "Horvath, Csaba"]
[WhiteElo "2275"]
[BlackElo "2546"]
[Result "0-1"]
[PlyCount "84"]
[EventDate "2015.06.13"]

1. Nf3 Nf6 2. c4 d6 3. Nc3 e5 4. g3 c6 5. d3 Nbd7 6. Bg2 Be7 7. O-O O-O 8. Qc2
a5 9. b3 Re8 10. Bb2 Bf8 11. Rad1 Qc7 12. Rc1 g6 13. e3 Nc5 14. Nh4 Bg7 15. h3
Bd7 16. d4 Na6 17. Kh2 Rad8 18. Rcd1 b5 19. dxe5 dxe5 20. e4 b4 21. Na4 c5 22.
Bf3 Nb8 23. Ng2 Bxa4 24. bxa4 Nc6 25. Ne3 Nd4 26. Bxd4 cxd4 27. Ng2 Nd7 28. Ne1
Rc8 29. Bg4 Red8 30. Nd3 Qxc4 31. Qe2 Qc6 32. Nb2 h5 33. Rc1 Qb7 34. Bxd7 Qxd7
35. Qa6 Rc3 36. Qxa5 Rdc8 37. Rcd1 Qb7 38. Nd3 Qxe4 39. Nxb4 h4 40. Qd5 hxg3+
41. fxg3 Rc2+ 42. Kg1 Qe3+ 0-1

[Event "VI Open A"]
[Site "Forni di Sopra ITA"]
[Date "2015.06.20"]
[Round "9"]
[White "De Eccher, Stefano"]
[Black "Real Pereyra, Diana Carime"]
[WhiteElo "2229"]
[BlackElo "2091"]
[Result "1/2-1/2"]
[PlyCount "50"]
[EventDate "2015.06.13"]

1. e4 e5 2. Nf3 Nc6 3. g3 Nf6 4. d3 d5 5. exd5 Qxd5 6. Nc3 Bb4 7. Bg2 Bg4 8. h3
Bh5 9. O-O Qd7 10. Re1 O-O-O 11. g4 Nxg4 12. hxg4 Bxg4 13. a3 Bd6 14. Ne4 h5
15. c3 h4 16. Qa4 h3 17. Bh1 f5 18. Nxd6+ Qxd6 19. Nh2 Bh5 20. Be3 f4 21. Bxa7
Qg6+ 22. Kf1 Qxd3+ 23. Kg1 Qg6+ 24. Kf1 Qd3+ 25. Kg1 Qg6+ 1/2-1/2

[Event "VI Open A"]
[Site "Forni di Sopra ITA"]
[Date "2015.06.20"]
[Round "9"]
[White "Dvirnyy, Danyyil"]
[Black "Rozentalis, Eduardas"]
[WhiteElo "2541"]
[BlackElo "2524"]
[Result "1/2-1/2"]
[PlyCount "77"]
[EventDate "2015.06.13"]

1. e4 e5 2. Nf3 Nf6 3. Nc3 Bb4 4. Nxe5 O-O 5. Nd3 Bxc3 6. dxc3 Nxe4 7. Be2 d5
8. O-O Re8 9. Nf4 c6 10. Be3 Nd6 11. Re1 Nd7 12. Bf1 Nf8 13. b3 Ng6 14. Nxg6
hxg6 15. f3 Bf5 16. Qd2 Qa5 17. a4 Rad8 18. g4 Be6 19. Qf2 Nc8 20. Bd4 Qc7 21.
a5 b6 22. b4 Bd7 23. Qg3 Qxg3+ 24. hxg3 Rxe1 25. Rxe1 Re8 26. Ra1 b5 27. a6 Nb6
28. Bxb6 axb6 29. a7 Ra8 30. g5 Kf8 31. Kf2 Ke7 32. Ke3 Kd6 33. Kf4 c5 34. Bd3
Bc6 35. g4 Kc7 36. Re1 Kd6 37. Ra1 Kc7 38. Re1 Kd6 39. Ra1 1/2-1/2

[Event "VI Open A"]
[Site "Forni di Sopra ITA"]
[Date "2015.06.20"]
[Round "9"]
[White "Machidon, Cristi"]
[Black "Sorbera, Giovanni"]
[WhiteElo "2211"]
[BlackElo "2160"]
[Result "1/2-1/2"]
[PlyCount "97"]
[EventDate "2015.06.13"]

1. d4 Nf6 2. Nf3 g6 3. g3 Bg7 4. Bg2 d5 5. O-O O-O 6. c4 dxc4 7. Na3 Nbd7 8.
Nxc4 Nb6 9. Nxb6 axb6 10. Bf4 Nd5 11. Bd2 b5 12. Qc1 Re8 13. Rd1 Bg4 14. h3
Bxf3 15. Bxf3 c6 16. Be1 Ra4 17. e3 Qd7 18. Bg2 Rea8 19. a3 h5 20. b3 R4a6 21.
e4 Nc7 22. Bc3 b4 23. Bxb4 Bxd4 24. Rxd4 Qxd4 25. Bc3 Qd6 26. Qh6 e5 27. Bf1
Rxa3 28. Rd1 Qf8 29. Qg5 Ne6 30. Qxe5 Qg7 31. Qxg7+ Nxg7 32. Bc4 Ne6 33. Rd7 b5
34. Bxe6 fxe6 35. Rg7+ Kf8 36. Rxg6 Rxb3 37. Be5 b4 38. Rxe6 Re8 39. Rf6+ Kg8
40. f4 Rxg3+ 41. Kh2 h4 42. Rxc6 b3 43. Rh6 Rd3 44. Rxh4 Kf7 45. Rh7+ Kg6 46.
Rb7 Ra8 47. f5+ Kg5 48. Rg7+ Kh6 49. Rg2 1/2-1/2

[Event "VI Open A"]
[Site "Forni di Sopra ITA"]
[Date "2015.06.20"]
[Round "9"]
[White "Martinez, Ayelen"]
[Black "Vezzosi, Paolo"]
[WhiteElo "2212"]
[BlackElo "2350"]
[Result "0-1"]
[PlyCount "78"]
[EventDate "2015.06.13"]

1. e4 e6 2. d4 d5 3. Nc3 Bb4 4. e5 Qd7 5. Bd2 b6 6. Bb5 c6 7. Bd3 Ba6 8. Bxa6
Nxa6 9. Qe2 Nc7 10. Nf3 Ne7 11. O-O c5 12. a4 Bxc3 13. Bxc3 Nc6 14. Rfd1 h6 15.
Be1 O-O 16. c4 Qe7 17. Rac1 Rfd8 18. Bc3 Rd7 19. b3 Rad8 20. Bb2 Na5 21. dxc5
bxc5 22. cxd5 Rxd5 23. Rxd5 Rxd5 24. Qc2 Na6 25. h3 Nb4 26. Qc3 Na2 27. Qxa5
Nxc1 28. Bxc1 Rd1+ 29. Kh2 Rxc1 30. Qd2 Ra1 31. Ne1 c4 32. Nc2 Ra2 33. Qc3 Qc5
34. Ne3 Rxf2 35. Nxc4 Rf1 36. Qd3 Qg1+ 37. Kg3 Qf2+ 38. Kh2 Qf4+ 39. g3 Qf2#
0-1

[Event "VI Open A"]
[Site "Forni di Sopra ITA"]
[Date "2015.06.20"]
[Round "9"]
[White "Mencinger, Vojko"]
[Black "Castrillon Gomez, Melissa"]
[WhiteElo "2372"]
[BlackElo "2167"]
[Result "0-1"]
[PlyCount "66"]
[EventDate "2015.06.13"]

1. c4 e5 2. g3 Nc6 3. Bg2 g6 4. Nc3 Bg7 5. e3 d6 6. Nge2 Be6 7. b3 h5 8. h3 Qd7
9. d3 Nge7 10. a3 f5 11. Bb2 h4 12. Nd5 Nd8 13. Nef4 Bf7 14. Nxe7 Qxe7 15. Nd5
Qd7 16. Rc1 c6 17. Nc3 hxg3 18. fxg3 Ne6 19. O-O f4 20. Ne4 g5 21. gxf4 gxf4
22. exf4 O-O-O 23. f5 Nf4 24. Rxf4 exf4 25. f6 Bh6 26. Qf3 Rhg8 27. Rc2 Qf5 28.
Kh1 Bh5 29. Qf2 f3 30. Bf1 Rg2 31. Bxg2 fxg2+ 32. Kxg2 Rg8+ 33. Ng3 Bf4 0-1

[Event "VI Open A"]
[Site "Forni di Sopra ITA"]
[Date "2015.06.20"]
[Round "9"]
[White "Pescatore, Lorenzo"]
[Black "Barp, Alberto"]
[WhiteElo "2285"]
[BlackElo "2180"]
[Result "0-1"]
[PlyCount "120"]
[EventDate "2015.06.13"]

1. e4 c6 2. c4 d5 3. cxd5 cxd5 4. exd5 Nf6 5. Nc3 Nxd5 6. Nf3 Nc6 7. Bb5 e6 8.
O-O Be7 9. d4 O-O 10. Re1 Bd7 11. Bd3 Rc8 12. Nxd5 exd5 13. Ne5 Bf6 14. Bf4 g6
15. Qb3 Nxd4 16. Qxb7 Ne6 17. Bh6 Nc5 18. Qxd5 Be6 19. Qxd8 Rfxd8 20. Bf1 Rd5
21. Bf4 Rd4 22. Bg3 h5 23. f3 Rd2 24. Re2 Rxe2 25. Bxe2 h4 26. Bf2 Bxe5 27. Rc1
Na4 28. Rxc8+ Bxc8 29. Bxa7 Bxb2 30. Bc4 Ba3 31. g3 hxg3 32. hxg3 Be6 33. Bxe6
fxe6 34. Kg2 Nc3 35. f4 Nxa2 36. Bd4 Kf7 37. Kf3 Nb4 38. g4 Nc6 39. Bc3 Bd6 40.
Ke4 Ne7 41. f5 Nd5 42. Bb2 Nf6+ 43. Kf3 exf5 44. gxf5 gxf5 45. Bc1 Ke6 46. Bh6
Ng4 47. Bc1 Ne5+ 48. Kg2 Kd5 49. Bf4 Ke4 50. Bg5 Ng4 51. Kh1 Bf4 52. Bh4 Kf3
53. Be7 Be5 54. Bh4 Ke2 55. Bg5 Kf1 56. Be3 f4 57. Bd4 f3 58. Be3 Bg3 59. Bg1
Nf2+ 60. Bxf2 Bxf2 0-1

[Event "VI Open A"]
[Site "Forni di Sopra ITA"]
[Date "2015.06.20"]
[Round "9"]
[White "Valsecchi, Alessio"]
[Black "Bruno, Fabio"]
[WhiteElo "2445"]
[BlackElo "2420"]
[Result "1/2-1/2"]
[PlyCount "22"]
[EventDate "2015.06.13"]

1. d4 d5 2. c4 c6 3. Nf3 Nf6 4. Nc3 a6 5. cxd5 cxd5 6. Bf4 Nc6 7. e3 Bf5 8. Bd3
Bxd3 9. Qxd3 e6 10. O-O Bd6 11. Bxd6 Qxd6 1/2-1/2

[Event "VI Open A"]
[Site "Forni di Sopra ITA"]
[Date "2015.06.20"]
[Round "9"]
[White "Zamengo, Fulvio"]
[Black "Dappiano, Andrea"]
[WhiteElo "2271"]
[BlackElo "2212"]
[Result "1-0"]
[PlyCount "65"]
[EventDate "2015.06.13"]

1. e4 d6 2. d4 Nf6 3. Nc3 e5 4. Nf3 Nbd7 5. Bc4 Be7 6. O-O O-O 7. Re1 c6 8. a4
b6 9. b3 a6 10. d5 c5 11. Nd2 Ne8 12. Rb1 g6 13. Be2 Bg5 14. Ba3 f5 15. b4 Bxd2
16. Qxd2 f4 17. Bg4 Ng7 18. f3 h5 19. Be6+ Kh8 20. a5 bxa5 21. bxc5 Nxc5 22.
Bxc5 dxc5 23. Bxc8 Rxc8 24. Na4 Ne8 25. Qc3 Qe7 26. Nb6 Rd8 27. Nc4 Kh7 28.
Nxa5 Rd7 29. Nc6 Qf6 30. Qxe5 Qxe5 31. Nxe5 Ra7 32. Nc6 Ra8 33. e5 1-0

[Event "XXXII Open Eporediese"]
[Site "Ivrea ITA"]
[Date "2015.02.12"]
[Round "3"]
[White "Bellafiore, Enzo"]
[Black "Giachino, Adriano"]
[WhiteElo "1760"]
[BlackElo "1550"]
[Result "1/2-1/2"]
[PlyCount "67"]
[EventDate "2015.02.05"]

1. e4 c5 2. Nf3 Nc6 3. c3 e6 4. d4 cxd4 5. cxd4 d5 6. Nc3 Bb4 7. Bd3 Nge7 8.
Bd2 Ng6 9. O-O O-O 10. a3 Ba5 11. Re1 a6 12. e5 Bb6 13. Ne2 h6 14. g3 f6 15.
Bxg6 fxe5 16. Nxe5 Nxe5 17. dxe5 Bxf2+ 18. Kg2 Bxe1 19. Qxe1 b5 20. Bb4 Bb7 21.
Bxf8 d4+ 22. Kh3 Qxf8 23. Nxd4 Qe7 24. Be4 Bd5 25. Nf5 Qg5 26. Bxd5 Qxf5+ 27.
Kg2 exd5 28. Rd1 Rd8 29. e6 Re8 30. e7 Kf7 31. Qc3 Qe4+ 32. Qf3+ Qxf3+ 33. Kxf3
Rxe7 34. Rxd5 1/2-1/2

[Event "XXXII Open Eporediese"]
[Site "Ivrea ITA"]
[Date "2015.02.12"]
[Round "3"]
[White "Castaldo, Antonio"]
[Black "Barocelli, Carlo"]
[WhiteElo "1592"]
[BlackElo "1975"]
[Result "0-1"]
[PlyCount "94"]
[EventDate "2015.02.05"]

1. Nf3 Nf6 2. g3 d5 3. Bg2 e6 4. O-O Bd6 5. Nc3 c6 6. d3 O-O 7. e4 Nbd7 8. Re1
dxe4 9. Nxe4 Bb4 10. Bd2 Bxd2 11. Nfxd2 Nxe4 12. Nxe4 Qc7 13. c3 b6 14. Nd2 Nf6
15. Ne4 Nxe4 16. Bxe4 Bb7 17. d4 Rad8 18. Qc2 h6 19. Rad1 Rd7 20. Rd2 Rfd8 21.
Red1 a5 22. a3 Bc8 23. Qa4 b5 24. Qb3 Qd6 25. c4 a4 26. Qc3 Ba6 27. Qa5 Bb7 28.
c5 Qc7 29. Qxc7 Rxc7 30. f4 Rcd7 31. Kf2 Kf8 32. h4 Ba8 33. Ke3 Rb8 34. Rb1 b4
35. axb4 Rxb4 36. Bf3 Rc7 37. Be4 Bb7 38. Bd3 Rb3 39. Kf2 Rb4 40. Ke3 Rd7 41.
Bc2 Ba6 42. b3 Rdb7 43. Bd1 Bc4 44. bxc4 Rxb1 45. Bxa4 Rc7 46. Ra2 Ra7 47. Bc2
Re1+ 0-1

[Event "XXXII Open Eporediese"]
[Site "Ivrea ITA"]
[Date "2015.02.12"]
[Round "3"]
[White "Grosso, Giacomo"]
[Black "Orlandi, Alessandro"]
[WhiteElo "1324"]
[BlackElo "1476"]
[Result "1-0"]
[PlyCount "109"]
[EventDate "2015.02.05"]

1. d4 Nf6 2. c4 g6 3. Nc3 Bg7 4. e4 d6 5. f4 O-O 6. Be2 c5 7. d5 Qa5 8. Nf3
Nxe4 9. Qc2 Nxc3 10. Bd2 Bd7 11. Bxc3 Bxc3+ 12. Qxc3 Qxc3+ 13. bxc3 Bg4 14. O-O
Nd7 15. h3 Bxf3 16. Bxf3 Nb6 17. Rab1 Nxc4 18. Rxb7 Rfe8 19. Re1 Kf8 20. Be2
Ne3 21. Bb5 Reb8 22. Bc6 Rxb7 23. Bxb7 Rb8 24. Rxe3 Rxb7 25. c4 Rb2 26. Ra3 Rc2
27. Ra4 Ke8 28. Kf1 Kd8 29. g3 Kc8 30. Ke1 Kb7 31. Ra3 Rxc4 32. Kd2 Rd4+ 33.
Rd3 Rxd3+ 34. Kxd3 Kb6 35. Kc4 a5 36. a4 f5 37. h4 h5 38. Kc3 Kc7 39. Kc4 Kd7
40. Kb5 e6 41. dxe6+ Kxe6 42. Kxa5 c4 43. Kb4 c3 44. Kxc3 Kd5 45. Kd3 Kc5 46.
Kc3 d5 47. a5 Kb5 48. Kd4 Kxa5 49. Kxd5 Kb4 50. Ke6 Kc4 51. Kf6 Kd4 52. Kxg6
Ke4 53. Kxh5 Kf3 54. Kg5 Kxg3 55. h5 1-0

[Event "XXXII Open Eporediese"]
[Site "Ivrea ITA"]
[Date "2015.02.12"]
[Round "3"]
[White "Paonessa, Denis"]
[Black "Chiarotto, Filippo"]
[WhiteElo "1800"]
[BlackElo "2055"]
[Result "1/2-1/2"]
[PlyCount "52"]
[EventDate "2015.02.05"]

1. d4 Nf6 2. c4 e6 3. Nc3 Bb4 4. e3 b6 5. Nge2 Bb7 6. a3 Be7 7. Nf4 d6 8. d5 e5
9. Nd3 Nbd7 10. e4 Nf8 11. Be2 Ng6 12. O-O O-O 13. f4 exf4 14. Nxf4 Ne5 15. Be3
Bc8 16. Bd4 Bg4 17. Bxe5 Bxe2 18. Qxe2 dxe5 19. Nd3 Nd7 20. b4 g6 21. Qg4 h5
22. Qg3 h4 23. Qg4 Kg7 24. Nd1 a5 25. Ne3 Bg5 26. Rf3 Qe7 1/2-1/2

[Event "XXXII Open Eporediese"]
[Site "Ivrea ITA"]
[Date "2015.02.12"]
[Round "3"]
[White "Razzano, Lorenzo"]
[Black "Ranieri, Fabrizio"]
[WhiteElo "1964"]
[BlackElo "2275"]
[Result "0-1"]
[PlyCount "138"]
[EventDate "2015.02.05"]

1. Nf3 d5 2. b3 Nf6 3. Bb2 e6 4. e3 Be7 5. d4 O-O 6. Nbd2 b6 7. Bd3 Ba6 8. O-O
Bxd3 9. cxd3 c5 10. Qe2 Nc6 11. Ne5 Nxe5 12. dxe5 Nd7 13. f4 Nb8 14. f5 exf5
15. Rxf5 Nc6 16. Raf1 g6 17. Rf6 Bxf6 18. exf6 Qd7 19. e4 d4 20. Qf3 Kh8 21.
Qf4 Rg8 22. Nf3 g5 23. Nxg5 Rg6 24. Bc1 Rag8 25. Qd6 Rd8 26. Nxf7+ Qxf7 27.
Qxc6 Re8 28. Bf4 Re6 29. Qc8+ Rg8 30. Qa6 Qxf6 31. Qxa7 Qg7 32. Qxg7+ Kxg7 33.
g3 b5 34. a4 bxa4 35. bxa4 Rc8 36. Rc1 Kf6 37. Rc4 Ke7 38. Kf2 Kd7 39. Kf3 Rb6
40. Bd2 Rb2 41. Ke2 Ra2 42. Kd1 Kc6 43. a5 Rb8 44. Rc2 Rb1+ 45. Bc1 Rxa5 46.
Ke2 Raa1 47. Bf4 Rf1 48. h4 h5 49. Be5 Rae1+ 50. Kd2 Ra1 51. Ke2 Rh1 52. Bxd4
Rac1 53. Rxc1 Rxc1 54. Be5 Kb5 55. Bf4 Rh1 56. e5 Kc6 57. Kf3 Kd5 58. Ke3 Re1+
59. Kd2 Ra1 60. Kc3 Ra2 61. Kb3 Rg2 62. Kc3 Re2 63. Kb3 Kd4 64. Ka4 Kxd3 65.
Kb5 c4 66. Kc6 Ke4 67. e6 Kf5 68. Kd5 Re4 69. Bg5 c3 0-1

[Event "XXVII Weekend A"]
[Site "Lucca ITA"]
[Date "2015.06.12"]
[Round "1"]
[White "Pesiri, Rossano"]
[Black "Lalic, Bogdan"]
[WhiteElo "1997"]
[BlackElo "2483"]
[Result "0-1"]
[PlyCount "48"]
[EventDate "2015.06.12"]

1. d4 e6 2. c4 Nf6 3. Nc3 Bb4 4. a3 Bxc3+ 5. bxc3 c5 6. e3 b6 7. Bd3 Nc6 8. Ne2
O-O 9. e4 Ne8 10. O-O Ba6 11. f4 f5 12. Be3 fxe4 13. Bxe4 Nd6 14. Bxc6 dxc6 15.
dxc5 Nxc4 16. Bd4 Qd5 17. Bf2 bxc5 18. Qxd5 exd5 19. Bxc5 Rfe8 20. Ng3 Nb2 21.
Rfe1 Rxe1+ 22. Rxe1 Nd3 23. Re6 Nxc5 24. Rxc6 Rc8 0-1

[Event "XXVII Weekend A"]
[Site "Lucca ITA"]
[Date "2015.06.13"]
[Round "2"]
[White "Lalic, Bogdan"]
[Black "Muellneritsch, Anton"]
[WhiteElo "2483"]
[BlackElo "2141"]
[Result "1/2-1/2"]
[PlyCount "59"]
[EventDate "2015.06.12"]

1. d4 c5 2. d5 Nf6 3. c4 Ne4 4. Qc2 Qa5+ 5. Nd2 Nd6 6. e4 g6 7. Ngf3 Bg7 8. Be2
Na6 9. O-O e5 10. a3 O-O 11. b4 Qd8 12. Bb2 f6 13. b5 Nc7 14. Ne1 Nf7 15. Nd3
d6 16. f4 Nh6 17. h3 Bd7 18. fxe5 fxe5 19. Nf3 Qe7 20. Bc1 Nf7 21. Be3 Ne8 22.
Qc1 Nf6 23. Ng5 h6 24. Nxf7 Rxf7 25. Nf2 Kh7 26. Qd1 Rff8 27. Bf3 Qd8 28. a4
Qe7 29. a5 a6 30. b6 1/2-1/2

[Event "XXVII Weekend A"]
[Site "Lucca ITA"]
[Date "2015.06.13"]
[Round "3"]
[White "Lalic, Bogdan"]
[Black "Madiai, Federico"]
[WhiteElo "2483"]
[BlackElo "2221"]
[Result "1/2-1/2"]
[PlyCount "29"]
[EventDate "2015.06.12"]

1. d4 Nf6 2. c4 e6 3. Nf3 d5 4. Nc3 dxc4 5. e4 Bb4 6. Bg5 c5 7. Bxc4 cxd4 8.
Nxd4 Bxc3+ 9. bxc3 Qa5 10. Bb5+ Nbd7 11. Bxf6 Qxc3+ 12. Kf1 gxf6 13. Rc1 Qb4
14. h4 a6 15. Be2 1/2-1/2

[Event "XXVII Weekend A"]
[Site "Lucca ITA"]
[Date "2015.06.14"]
[Round "4"]
[White "Sereinig, Eduard"]
[Black "Lalic, Bogdan"]
[WhiteElo "2083"]
[BlackElo "2483"]
[Result "0-1"]
[PlyCount "64"]
[EventDate "2015.06.12"]

1. Nf3 Nf6 2. g3 b5 3. Bg2 Bb7 4. O-O c5 5. d3 d6 6. e4 Nbd7 7. Nh4 g6 8. f4
Qb6 9. Qe2 Bg7 10. e5 dxe5 11. fxe5 Nd5 12. e6 c4+ 13. Kh1 Qxe6 14. Qxe6 fxe6
15. dxc4 bxc4 16. c3 Ne5 17. Nd2 O-O-O 18. Ne4 Nd3 19. Bd2 Bf6 20. b3 Bxh4 21.
gxh4 e5 22. Ng5 Rd7 23. bxc4 Nb6 24. Bxb7+ Kxb7 25. Rab1 Kc6 26. Nf7 Rc8 27.
Bh6 Nxc4 28. Kg2 e4 29. Rfd1 e3 30. Kf3 Nd2+ 31. Rxd2 exd2 32. Bxd2 Rf8 0-1

[Event "XXVII Weekend A"]
[Site "Lucca ITA"]
[Date "2015.06.14"]
[Round "5"]
[White "Lalic, Bogdan"]
[Black "Luciani, Valerio"]
[WhiteElo "2483"]
[BlackElo "2238"]
[Result "1-0"]
[PlyCount "43"]
[EventDate "2015.06.12"]

1. d4 Nf6 2. Nf3 e6 3. c4 b6 4. g3 Ba6 5. Qb3 c5 6. d5 exd5 7. cxd5 d6 8. Nc3
Nbd7 9. Bg2 b5 10. Nxb5 Qa5+ 11. Nc3 Rb8 12. Qc2 Nxd5 13. Bd2 N5f6 14. Nd5 Qd8
15. Nd4 Bb7 16. Nxf6+ Nxf6 17. Bc6+ Nd7 18. Bxb7 cxd4 19. Bc6 Be7 20. Qa4 Qc8
21. O-O Kd8 22. Rfc1 1-0

[Event "XXXIV Mitropa Cup"]
[Site "Mayrhofen AUT"]
[Date "2015.06.14"]
[Round "1.1"]
[White "David, Alberto"]
[Black "Bluebaum, Matthias"]
[WhiteElo "2571"]
[BlackElo "2600"]
[Result "1/2-1/2"]
[Annotator "ITA-GER"]
[PlyCount "120"]
[EventDate "2015.06.14"]

1. e4 e6 2. d3 d5 3. Qe2 Nc6 4. Nf3 Nf6 5. e5 Nd7 6. g3 f6 7. exf6 Qxf6 8. Bg2
Bd6 9. O-O O-O 10. c4 Nc5 11. Nc3 dxc4 12. dxc4 e5 13. Nd5 Qg6 14. b4 Bg4 15.
Qe3 Bxf3 16. Bxf3 Nd4 17. Bg2 Nc2 18. Qe2 Nd4 19. Qe3 Nc2 20. Qe2 Nd4 21. Qd1
Ne4 22. c5 c6 23. cxd6 cxd5 24. Bb2 Qxd6 25. Bxd4 exd4 26. Qxd4 Nf6 27. Rad1 a5
28. Qc5 Rfd8 29. Rfe1 Qxc5 30. bxc5 Rac8 31. Re7 Rxc5 32. Rxb7 Rc2 33. Bh3 Rxa2
34. Be6+ Kh8 35. Rdb1 h5 36. Bf5 Re2 37. Bg6 Re6 38. Ra7 d4 39. Bd3 Re5 40. Kg2
Rc5 41. Rd1 Ng4 42. Be4 Rf8 43. Rd2 d3 44. h3 Nf6 45. Bg6 Rg5 46. Bf7 Ne4 47.
Rxd3 Rf5 48. f3 R5xf7 49. Rxf7 Rxf7 50. Rd8+ Kh7 51. fxe4 Ra7 52. e5 Kg6 53.
Rf8 a4 54. e6 a3 55. Rf2 a2 56. e7 Rxe7 57. Rxa2 Re3 58. Ra6+ Kh7 59. Ra5 Kg6
60. Ra6+ Kh7 1/2-1/2

[Event "XXXIV Mitropa Cup"]
[Site "Mayrhofen AUT"]
[Date "2015.06.14"]
[Round "1.2"]
[White "Wagner, Dennis"]
[Black "Godena, Michele"]
[WhiteElo "2569"]
[BlackElo "2509"]
[Result "1-0"]
[Annotator "ITA-GER"]
[PlyCount "46"]
[EventDate "2015.06.14"]

1. e4 e5 2. Nf3 Nc6 3. Bb5 a6 4. Ba4 Nf6 5. O-O b5 6. Bb3 Bc5 7. a4 Bb7 8. c3
d6 9. d4 Bb6 10. Re1 h6 11. Be3 exd4 12. cxd4 Ne7 13. d5 Bxe3 14. Rxe3 O-O 15.
Nc3 b4 16. Ne2 c6 17. dxc6 Nxc6 18. Ng3 Na5 19. Ba2 Qb6 20. Nd4 Rae8 21. Ngf5
Bxe4 22. Rg3 Bxf5 23. Nxf5 Kh8 $138 1-0